000 00785nam a22002417a 4500
001 9977
003 FISKH
005 20260323110158.0
008 260323b cb ||||| |||| 00| 0 eng d
040 _aFISKH
_beng
_cFISKH
_dFISKH
082 _a823.92
100 _aAwdry, Rev. W.
245 _aJeremy /
_cBased on The Railway Series by the Rev. W. Awdry
260 _aLondon :
_bEgmont,
_c2008.
300 _a28 unnumbered pages :
_bcolor illustrations ;
_c14 x 15 cm
505 _aJ
520 _aThomas is jealous when boastful Jeremy the Jet Plane flies into Sodor, until the pair work together during the big storm.
521 8 _a470
_bLexile estimate
521 8 _aJ
_bRaz-Plus
650 _aTransportation
_vPicture Book
942 _2ddc
_cBK
_n0
999 _c9977
_d9977